书目信息 |
| 题名: |
文字上的中国-对联
|
|
| 作者: | 《国学典藏》丛书编委会编著 | |
| 分册: | ||
| 出版信息: | 北京 中国铁道出版社 2018 |
|
| 页数: | 360页 | |
| 开本: | 24cm | |
| 丛书名: | 《国学典藏》丛书 | |
| 单 册: | ||
| 中图分类: | H12-49 , I207.6 | |
| 科图分类: | ||
| 主题词: | 汉字--通俗读物 , 对联--中国--通俗读物 | |
| 电子资源: | ||
| ISBN: | 978-7-113-23307-5 | |
| 000 | 01043oam2 2200253 450 | |
| 001 | 7136 | |
| 005 | 20180604230849.63 | |
| 010 | @a978-7-113-23307-5@dCNY45.00 | |
| 100 | @a20180315d2018 em y0chiy50 ea | |
| 101 | 0 | @achi |
| 102 | @aCN@b110000 | |
| 105 | @aa z 000yy | |
| 200 | 1 | @a文字上的中国-对联@Awen zi shang de zhong guo-dui lian@9wen zi shang de zhong guo@f《国学典藏》丛书编委会编著 |
| 210 | @a北京@c中国铁道出版社@d2018 | |
| 215 | @a360页@c图@d24cm | |
| 225 | 1 | @a《国学典藏》丛书 |
| 330 | @a对联是中华文明中不可忽视的瑰宝,文学性强,修辞瑰丽,虽寥寥数语,却高度概括,意境深远。凡言志、寄情、庆颂、悼念、写景、吊古、讽喻、励人、自我修养等,都可以用对联来表达。对联的文字一般是要结合具体情景,才能被很好的理解。因此,本书采取对联故事的形式,让一句句对联在故事中活起来,使读者对其中的意义能够有更好的理解。 | |
| 461 | 0 | @12001 @a《国学典藏》丛书 |
| 606 | 0 | @a汉字@j通俗读物 |
| 606 | 0 | @a对联@y中国@j通俗读物 |
| 690 | @aH12-49@v5 | |
| 690 | @aI207.6@v5 | |
| 801 | 0 | @aCN@b91MARC@c20180315 |
| 905 | @aMuseLib@dH12-49@e186 | |
| 文字上的中国-对联/《国学典藏》丛书编委会编著.-北京:中国铁道出版社,2018 |
| 360页:图;24cm.-(《国学典藏》丛书) |
| ISBN 978-7-113-23307-5:CNY45.00 |
| 对联是中华文明中不可忽视的瑰宝,文学性强,修辞瑰丽,虽寥寥数语,却高度概括,意境深远。凡言志、寄情、庆颂、悼念、写景、吊古、讽喻、励人、自我修养等,都可以用对联来表达。对联的文字一般是要结合具体情景,才能被很好的理解。因此,本书采取对联故事的形式,让一句句对联在故事中活起来,使读者对其中的意义能够有更好的理解。 |
| ● |
| 相关链接 |
|
|
|
|
正题名:文字上的中国-对联
索取号:H12-49/186
 
预约/预借
| 序号 | 登录号 | 条形码 | 馆藏地/架位号 | 状态 | 备注 |
| 1 | 1116609 | 211166094 | 第二样本阅览室/ [索取号:H12-49/186] | 在馆 | |
| 2 | 1116610 | 211166101 | 教育系资料室/ [索取号:H12-49/186] | 在馆 | |
| 3 | 1116611 | 211166110 | 教育系资料室/ [索取号:H12-49/186] | 在馆 | |
| 4 | 1116612 | 211166129 | 第四借阅区/ [索取号:H12-49/186] | 在馆 |